00928 2200325 4500001002100000005001500021035002000036007000300056008004100059020002200100082001600122084001800138100003100156245004600187250003500233300004400268650002600312264003100338336002100369337003000390338002300420040002200443090002100465850001200486504003000498999002200528041000800550990002200558990002200580INLIS00000000086980620220511024448 a0010-0522000039ta210929s2022 yoia f f 1 ind d a978-623-6572-53-504223a005.131 a005.131 HEN s0 aHendra Setiawanepengarang1 aSistem digital STE 422 /cHendra Setiawan aCetakan pertama: Februari 2022 ax, 142 halaman :bbagan, tabel ;c23 cm 4akomputer, Pemrograman31aSleman :bUII Press,c2022 2rdacontentateks 2rdamediaatanpa perantara 2rdacarrieravolume aYOPDYOGbinderda aCB-D.11 2022-069 aYOPDYOG aBibliografi : halaman 141 aCB-D.11/2022-00690 aind aCB-D.11/2022-0069 aCB-D.11/2022-0069